000 00736nam a2200289Ia 4500
005 20260324133935.0
008 008 260324s9999 xx 000 0 eng d
020 _a9781410601452
037 _aEBOOK
040 _aCRL
040 _beng
040 _cCRL
041 _2eng
041 _aeng
084 _qCRL
100 _aEric Amsel; James P. Byrnes
_91194964
245 0 _aLanguage, Literacy, and Cognitive Development
245 4 _bThe Development and Consequences of Symbolic Communication
260 _bTaylor and Francis
260 _c2002
365 _a
365 _b230
856 _uhttp://www.taylorfrancis.com/books/9781410601452
942 _cEBOOK
999 _c1794540
_d1794540